| 000 | 00780 a2200229 4500 | ||
|---|---|---|---|
| 010 | _aENG-88742 | ||
| 020 |
_c325.00 _a8120333741 |
||
| 035 | _aEN-72275 | ||
| 037 | _bDBAD / PUB | ||
| 082 | 1 | 4 | _a370.1523 |
| 090 |
_c9283 _d9283 |
||
| 100 | 1 | _aHergenhahn, B. R. | |
| 245 | 1 |
_aAn introduction to theories of learning/ _c by B. R. Hergenhahn and Matthew H. Olson |
|
| 250 | _a7th ed. | ||
| 260 |
_aNew Delhi _bPrentice-Hall of India _c2008 |
||
| 270 |
_aM-97, Connaught Circus _bNew Delhi _e110 001 |
||
| 300 |
_avi, 506 p. _c24 cm. (Pbk) |
||
| 500 | _aIncludes bibliographical references and index | ||
| 700 | 1 | _aOlson, Matthew H. | |
| 942 |
_adpl _cEN _k370.1523 / HER |
||
| 999 |
_c9116 _d9116 |
||